000 00781nam a2200229 i 4500
001 bg
100 1 _aSYNOWIEC, Adam
245 1 0 _aOceny oddziaływania na środowisko :
_bporadnik /
_cAdam Synowiec, Urszula Rzeszot ; Instytut Ochrony Środowiska.
260 _aWarszawa :
_bIOŚ,
_c1995.
300 _a101 s., [2] k. tabl. złoż. :
_brys., wykr. ;
_c24 cm.
504 _aBibliogr. s. 23-24, 56-57, 98.
650 9 _aŚrodowisko człowieka
_xhigiena
_xbadanie
_xmetody
650 9 _aŚrodowisko człowieka
_xhigiena i ochrona
_xorganizacja
_zPolska
_yod 1989 r.
700 1 _aRZESZOT, Urszula
020 _a8385805265
040 _cBPK
041 0 _apl
080 _a504(438)"1989/..."
920 _a83-85805-26-5
942 _cKS
008 s pl f |000 0 pol
999 _c32236
_d32236
856 _uhttp://koha.tu.koszalin.pl/cgi-bin/koha/opac-detail.pl?biblionumber=32236
_yKatalog online BPK